| 000 | 01511cam a2200265 4500 | ||
|---|---|---|---|
| 001 | ABS63678 | ||
| 008 | 000000n2001 000 0 eng u | ||
| 035 | _a(Sirsi) u111458 | ||
| 100 | _aUff, J. | ||
| 245 | _aDispute resolution in the 21st century: barriers or bridges? | ||
| 260 | _c2001 | ||
| 490 |
_aArbitration _v67(1) February 2001, 4-16(13) |
||
| 520 | _aLooks at the future of dispute resolution in the 21st century. Considers the possible shape of the various branches of the industry, and their interrelationships. Examines whether the public interest would be better served by the different branches working more closely together. Specific issues and subject areas considered include: rules and barriers, the role of mediation, statutory adjudication in the UK, non-statutory adjudication, dispute boards, and the use of single joint experts. Outlines a number of proposals for changes to the industry. These include the recommendation that all means of privatised dispute resolution be included in the term 'arbitration'. | ||
| 590 | _aABS | ||
| 650 | _aFUTURE | ||
| 650 | _aMEDIATION | ||
| 650 | _aSTATUTORY ADJUDICATION | ||
| 650 | _aNON-STATUTORY ADJUDICATION | ||
| 650 | _aMANAGEMENT-DISPUTE AVOIDANCE, MANAGEMENT AND RESOLUTION-DISPUTE MANAGEMENT AND RESOLUTION-ALTERNATIVE DISPUTE RESOLUTION-ADJUDICATION | ||
| 650 | _aSINGLE JOINT EXPERTS | ||
| 650 | _aALTERNATIVE DISPUTE RESOLUTION | ||
| 650 | _aPUBLIC INTEREST | ||
| 690 |
_aDispute resolution _96236 |
||
| 942 | _n0 | ||
| 999 |
_c66414 _d66414 |
||